Poles in the world - Statistics

General Stats
  • This quiz has been taken 41 times
  • The average score is 21 of 25
Answer Stats
Poles population Answer % Correct
2 000 000 Germany
100%
650 000 Great Britain
100%
10 000 000 United States
100%
37 300 000 Poland
97%
73 000 Russia
97%
50 000 Italy
94%
144 000 Ukraine
94%
1 000 000 Canada
92%
1 500 000 Brazil
89%
40 000 Czech Republic
89%
900 000 France
89%
200 000 Lithuania
89%
44 000 Spain
89%
78 000 Australia
83%
300 000 Belarus
83%
52 000 Latvia
83%
100 000 Sweden
83%
500 000 Argentina
81%
36 000 Austria
81%
70 000 Belgium
81%
169 000 Netherlands
81%
91 000 Norway
81%
122 000 Ireland
75%
50 000 Greece
64%
34 000 Kazakhstan
44%
No matching quizzes found
Score Distribution
Percent of People with Each Score
Percentile by Number Answered
Your Score History
You have not taken this quiz